Score 0/24 Timer 08:00
1 Play Today
% Correct
Ghostbusters
85.3%
Braveheart
82.9%
The Shawshank Redemption
82.6%
A Bug's Life
80.8%
The King's Speech
79.9%
Forrest Gump
75.7%
Shaun of the Dead
74.5%
Gone Girl
70.8%
Gangs of New York
70.7%
Schindler's List
69.2%
The Lord of the Rings: The Two Towers
66.1%
The Hunger Games
57.3%
% Correct
Life of Brian
56.9%
Argo
56.2%
Dawn of the Planet of the Apes
50.5%
The Dark Knight
49.9%
Walk the Line
46.3%
Frankenstein
44.2%
The Blues Brothers
40.4%
Notting Hill
40.3%
Django Unchained
38.6%
Apocalypse Now
37.2%
War of the Worlds
35.5%
Road to Perdition
26.9%
Remove Ads.
Support Sporcle.
Get the best of Sporcle when you Go Orange. This ad-free experience offers more features, more stats, and more fun while also helping to support Sporcle. Thank you for becoming a member.

You're not logged in!

Compare scores with friends on all Sporcle quizzes.
OR
Log In

Show Comments

Extras

Top Quizzes Today


Score Distribution

Your Account Isn't Verified!

In order to create a playlist on Sporcle, you need to verify the email address you used during registration. Go to your Sporcle Settings to finish the process.

Report this User

Report this user for behavior that violates our Community Guidelines.

Details: